000 00544nam a22002057a 4500
003 OSt
005 20140310183039.0
008 130222t xxu||||| |||| 00| 0 eng d
020 _a9719223804
050 _aHD 69
_b.T926 2001
100 _aSotejo, J.V.
245 _aACTION ORIENTED LEADERSHIP
_cSotejo, J. V.
260 _aManila :
_bU.P. College of Nursing Foundation, Inc.,
_c2001.
300 _a546 p. :
_c23 cm.
_bcol. ill. ;
521 _aNUR
562 _e2
650 _a Biography.
942 _2lcc
_cBK
_kLOC
999 _c18512
_d18512